000 00305nam a2200109Ia 4500
008 160531s9999 xx 000 0 und d
100 _aVicente, Avelino.
245 _aComputer Tools in Particle Physics
245 _cby Avelino Vicente
260 _c2015
856 _uhttp://arxiv.org/pdf/1507.06349v2.pdf
999 _c295251
_d295251